Combustion Synthesis of Sialon and Nitride Phases Based on Ferrosilicoaluminum with Marshalite Additives; Refractories and Industrial Ceramics; Vol. 61, iss. 6
| Parent link: | Refractories and Industrial Ceramics Vol. 61, iss. 6.— 2021.— [P. 655-658] |
|---|---|
| Autor Corporativo: | |
| Outros autores: | , , , |
| Summary: | Title screen The effect of a marshalite additive on nitriding of a complex ferrosilicoaluminum (FSA) ferroalloy to produce a sialon-based composite by self-propagating high-temperature synthesis is studied. The phase composition of the combustion products is revealed by changing the percentage of the marshalite additive in the starting reaction mixture. The optimal ratio of the marshalite additive to the initial FSApowder to obtain a product with the maximum sialon content is established. Режим доступа: по договору с организацией-держателем ресурса |
| Idioma: | inglés |
| Publicado: |
2021
|
| Subjects: | |
| Acceso en liña: | https://doi.org/10.1007/s11148-021-00537-0 |
| Formato: | Electrónico Capítulo de libro |
| KOHA link: | https://koha.lib.tpu.ru/cgi-bin/koha/opac-detail.pl?biblionumber=665861 |
MARC
| LEADER | 00000naa0a2200000 4500 | ||
|---|---|---|---|
| 001 | 665861 | ||
| 005 | 20250211145822.0 | ||
| 035 | |a (RuTPU)RU\TPU\network\37065 | ||
| 035 | |a RU\TPU\network\35411 | ||
| 090 | |a 665861 | ||
| 100 | |a 20211119d2021 k||y0rusy50 ba | ||
| 101 | 0 | |a eng | |
| 102 | |a US | ||
| 135 | |a drcn ---uucaa | ||
| 181 | 0 | |a i | |
| 182 | 0 | |a b | |
| 200 | 1 | |a Combustion Synthesis of Sialon and Nitride Phases Based on Ferrosilicoaluminum with Marshalite Additives |f K. A. Bolgaru, V. I. Vereshchagin (Vereschagin, Vereshagin), A. A. Reger, L. N. Skvortsova | |
| 203 | |a Text |c electronic | ||
| 300 | |a Title screen | ||
| 320 | |a [References: 11 tit.] | ||
| 330 | |a The effect of a marshalite additive on nitriding of a complex ferrosilicoaluminum (FSA) ferroalloy to produce a sialon-based composite by self-propagating high-temperature synthesis is studied. The phase composition of the combustion products is revealed by changing the percentage of the marshalite additive in the starting reaction mixture. The optimal ratio of the marshalite additive to the initial FSApowder to obtain a product with the maximum sialon content is established. | ||
| 333 | |a Режим доступа: по договору с организацией-держателем ресурса | ||
| 461 | |t Refractories and Industrial Ceramics | ||
| 463 | |t Vol. 61, iss. 6 |v [P. 655-658] |d 2021 | ||
| 610 | 1 | |a электронный ресурс | |
| 610 | 1 | |a труды учёных ТПУ | |
| 610 | 1 | |a marshalite | |
| 610 | 1 | |a sialon | |
| 610 | 1 | |a ferrosilicoaluminum (FSA) | |
| 610 | 1 | |a self-propagating high-temperature synthesis (SHS) | |
| 610 | 1 | |a nitriding | |
| 610 | 1 | |a filtration combustion | |
| 610 | 1 | |a маршалиты | |
| 610 | 1 | |a сиалон | |
| 610 | 1 | |a ферросиликоалюминий | |
| 610 | 1 | |a самораспространяющийся высокотемпературный синтез | |
| 610 | 1 | |a азотирование | |
| 610 | 1 | |a фильтрационное горение | |
| 701 | 1 | |a Bolgaru |b K. A. |g Konstantin Aleksandrovich | |
| 701 | 1 | |a Vereshchagin (Vereschagin, Vereshagin) |b V. I. |c Chemical Engineer |c Professor of Tomsk Polytechnic University, Doctor of technical sciences |f 1942- |g Vladimir Ivanovich |3 (RuTPU)RU\TPU\pers\26325 |9 12080 | |
| 701 | 1 | |a Reger |b A. A. |g Anton Andreevich | |
| 701 | 1 | |a Skvortsova |b L. N. |g Lidiya Nikolaevna | |
| 712 | 0 | 2 | |a Национальный исследовательский Томский политехнический университет |b Инженерная школа новых производственных технологий |b Научно-образовательный центр Н. М. Кижнера |3 (RuTPU)RU\TPU\col\23556 |
| 801 | 2 | |a RU |b 63413507 |c 20211119 |g RCR | |
| 856 | 4 | |u https://doi.org/10.1007/s11148-021-00537-0 | |
| 942 | |c CF | ||